Rôles de Louis de Funès au Cinéma (Mort Subite) - Statistiques

Statistiques générales
  • Ce quiz a été pris 269 fois
  • Le résultat moyen est 6 sur 20
Answers on the Grid
Answers color-coded by a green-red scale on the quiz's grid according to % correct below.
Léonard Monestier
Victor Garnier
Ludovic Cruchot
Paul Juve
Léopold Saroyan
Monsieur Septime
Stanislas Lefort
Bertrand Barnier
Charles Bosquier
Louis-Philippe Fourchaume
Hubert Barrère de Tartas
Henri Roubier
Don Salluste
Victor Pivert
Charles Duchemin
Guillaume Daubray-Lacaze
Harpagon
"Le Glaude"
Antoine Brisebard
Jambier
Marcel Martin
Fantomas
Lucien Fougasse
Antoine Maréchal
Augustin Bouvet
Jacquouille la Fripouille
Super Résistant
Hannibal Lecter
Astérix
Lucky Luke
OSS 117
Don Camillo
Fernand Jouvin
Napoléon
Le Bombé
Rabbi Jacob
Salomon
Blaze
Obi-Wan Kenobi
Korben Dallas
 
Statistiques - réponses
Réponse % Correct
Les Aventures de Rabbi Jacob Victor Pivert
51%
La Soupe aux Choux "Le Glaude"
46%
Série "Le Gendarme de Saint-Tropez" Ludovic Cruchot
43%
L'Aile ou la Cuisse Charles Duchemin
38%
L'Avare Harpagon
38%
La Folie des Grandeurs Don Salluste
37%
Le Grand Restaurant Monsieur Septime
37%
Série "Fantomas" Paul Juve
35%
La Grande Vadrouille Stanislas Lefort
35%
Le Corniaud Léopold Saroyan
34%
Hibernatus Hubert Barrère de Tartas
33%
Le Petit Baigneur Louis-Philippe Fourchaume
28%
La Traversée de Paris Jambier
26%
Oscar Bertrand Barnier
19%
Les Grandes Vacances Charles Bosquier
19%
La Zizanie Guillaume Daubray-Lacaze
18%
Jo Antoine Brisebard
16%
Faites sauter la Banque Victor Garnier
16%
Pouic-Pouic Léonard Monestier
14%
Sur un Arbre perché Henri Roubier
11%
Aucun quiz correspondant
Distribution des résultats
% des personnes avec chaque résultat
Percentile par nombre de réponses
Votre historique - résultats
Vous n’avez pas pris ce quiz